| 000 | 00442nam a2200169Ia 4500 | ||
|---|---|---|---|
| 008 | 180921t2019 xxu||||| |||| 00| 1 sin d | ||
| 041 | _asin | ||
| 080 |
_aX8C31 _bBAL |
||
| 100 | _aBalasooriya, Sudharma | ||
| 245 | _aහුදෙකලා බිරිඳ | ||
| 246 | _aHudekala Birinda | ||
| 260 |
_bShajaya Prakashana _aMoratuwa _c2019 |
||
| 300 | _a203p., 21cm | ||
| 942 | _cBK | ||
| 999 |
_c7691 _d7691 |
||
| 003 | LK-CoDNM | ||
| 040 |
_aLK-CoDNM _dLK-CoDNM _eLK-CoDNM |
||